Paint testing manual ; physical and chemical examination of paints, varnishes, lacquers, and colors /

Bibliographic Details
Other Authors: Sward, G. G. (George G.), Gardner, Henry A. (Henry Alfred), 1882-
Format: Book
Language:English
Published: Philadelphia : American Society for Testing and Materials, [1972]
Edition:13th ed.
Series:ASTM special technical publication ; 500.
Subjects:

MARC

Tag First Indicator Second Indicator Subfields
LEADER 00000cam a2200000 4500
001 in00000093322
005 20150927070134.0
008 720927s1972 paua b 00100 eng
010 |a  75186850  
035 |a (OCoLC)00483459 
035 |9 AAL5160AM 
037 |c $27.50 
040 |a DLC  |c DLC  |d TXA  |d UtOrBLW 
049 |a TXAM  |c [1333216] 
050 0 0 |a TP936.5  |b .P34 1972 
082 0 |a 667/.6 
240 1 0 |a Maritime and naval history 
245 0 0 |a Paint testing manual ;  |b physical and chemical examination of paints, varnishes, lacquers, and colors /  |c G. G. Sward, editor. 
250 |a 13th ed. 
264 1 |a Philadelphia :  |b American Society for Testing and Materials,  |c [1972] 
300 |a xii, 599 pages :  |b illustrations ;  |c 29 cm. 
336 |a text  |b txt  |2 rdacontent 
337 |a unmediated  |b n  |2 rdamedia 
338 |a volume  |b nc  |2 rdacarrier 
490 1 |a ASTM special technical publication 500 
500 |a First edition by H. A. Gardner published in 1922 under title: Physical and chemical examination of paints, varnishes, and colors. 
504 |a Includes bibliographical references. 
650 0 |a Paint materials  |x Testing. 
650 0 |a Paint materials  |x Analysis. 
700 1 |a Sward, G. G.  |q (George G.) 
700 1 |a Gardner, Henry A.  |q (Henry Alfred),  |d 1882-  |t Physical and chemical examination of paints, varnishes, and colors. 
830 0 |a ASTM special technical publication ;  |v 500. 
999 |a MARS 
999 f f |s 2b011b93-5325-372a-9baa-17046bd645aa  |i c857afbb-69da-343b-bc8c-945dee5ce575  |t 0 
952 f f |p ric  |a Texas A&M University  |b Rellis Campus  |c Joint Library Facility  |d Remote Storage  |t 0  |e TP936.5 .P34 1972  |h Library of Congress classification  |i unmediated -- volume  |m A14805617697 
998 f f |a TP936.5 .P34 1972  |t 0  |l Remote Storage